000 00706cab a2200229 4500
001 WB3404-36
008 090401t1998 xxu||||| |||| 00| 0 eng d
035 _a(Sirsi) u83414
041 _aeng
245 _aFrance: Paris prices
260 _c1998
350 _a0
490 _aEuropean
_v26 January 1998, 39(1)
520 _aResidential prices in Paris have fallen by nearly 50% since 1990. Despite the cost of borrowing in France being at its lowest for years, there is no sign of a turnaround in the market yet.
650 _aFRANCE
650 _aHOUSE PRICES
650 _aPARIS
650 _aRESIDENTIAL PROPERTY MARKET
690 _aOVERSEAS-EUROPE
942 _n0
948 _c29/01/1998
999 _c52682
_d52682